00696nam a2200241 a 4500001001300000003000900013005001700022008004100039020001000080082001600090100002000106245002500126260003300151300000800184500003500192505004100227650002200268700002000290902000800310942000700318952011600325999001300441nice12345678IN_TiNIC20260116011331.0050524s1910 egya grp 000 0 ara  ac10000a892.73bAZM aAzmi, Abdul Haq aAl-Arab Wal Arabiyat aEgyptbMaktaba-E-ilmiac1910 a40p aincludes index and biblioraphy2 a12 Volumes in Bounded in Six Volumes aArabic-Literature1 aAzmi, Abdul Haq bSRS cBK 001040708StackRoom-aHMIbHMId2007-06-04g100.00l0o892.73 AZMp04635r2007-06-04v100.00w2005-05-24yBK c600d600